Online
Catalog
Normal view MARC view

Entry Nombre personal

Number of records used in: 4

001 - NÚMERO DE CONTROL

  • campo de control: 57213

003 - IDENTIFICADOR DEL NÚMERO DE CONTROL

  • campo de control: BNPHU

005 - FECHA Y HORA DE LA ÚLTIMA TRANSACCIÓN

  • campo de control: 20240226141338.0

008 - DATOS DE LONGITUD FIJA

  • campo de control de longitud fija: 200615|| aca||aabn | a|a d

040 ## - FUENTE DE LA CATALOGACIÓN

  • Centro catalogador/agencia de origen: DO-SdBNP
  • Lengua de catalogación: spa
  • Centro/agencia transcriptor: BNPHU
  • Normas de descripción: rda

100 1# - ENCABEZAMIENTO-NOMBRE DE PERSONA

  • Nombre de persona: Rabelo Cartagena, José A.,
  • Fechas asociadas al nombre: 1963-

370 ## - LUGAR ASOCIADO

  • Lugar de nacimiento: Aibonito (P.R.)
  • Otro lugar asociado: Cayey (P.R.)

374 ## - OCUPACIÓN

  • Ocupación: Escritor
  • Ocupación: Dermatologísta

375 ## - GÉNERO/SEXO

  • Género/Sexo: Masculino

377 ## - LENGUA/LENGUAJE ASOCIADO

  • Código del idioma: spa

400 1# - TRAZADO DE VÉASE--NOMBRE DE PERSONA

  • Nombre de persona: Cartagena, José A. Rabelo,
  • Fechas asociadas al nombre: 1963-

400 1# - TRAZADO DE VÉASE--NOMBRE DE PERSONA

  • Nombre de persona: Rabelo, José A.,
  • Fechas asociadas al nombre: 1963-

400 1# - TRAZADO DE VÉASE--NOMBRE DE PERSONA

  • Nombre de persona: Rabelo, José,
  • Fechas asociadas al nombre: 1963-

670 ## - FUENTE DE DATOS ENCONTRADOS

  • Cita de la fuente: Rabelo, José, Los sueños ajenos /, 2011.

670 ## - FUENTE DE DATOS ENCONTRADOS

  • Cita de la fuente: Los libros de Baltasar, 2002

670 ## - FUENTE DE DATOS ENCONTRADOS

  • Cita de la fuente: Azábara, 2015

Powered by Koha